Úprava minimálnej mzdy od 1. januára 2020

Minimálna mzda bola ustanovená pre slovenských zamestnancov prvýkrát na základe nariadenia vlády Českej a Slovenskej Federatívnej Republiky č. 99/1991 Zb. o určení minimálnej mzdy a platiť začala od 25. 3. 1991. Toto nariadenie upravovalo minimálnu mzdu v Československu až do 10. 2. 1992. S účinnos...

Descripción completa

Guardado en:
Detalles Bibliográficos
Autor principal: Matlovičová, Iveta
Formato: Capítulo de libro
Lenguaje:eslovaco
Materias:
Etiquetas: Agregar Etiqueta
Sin Etiquetas, Sea el primero en etiquetar este registro!

MARC

LEADER 00000naa a2200000 4500
001 0260552
005 20221104110929.9
041 0 |a slo 
044 |a SK 
245 1 0 |a Úprava minimálnej mzdy od 1. januára 2020  |c Iveta Matlovičová 
520 |a Minimálna mzda bola ustanovená pre slovenských zamestnancov prvýkrát na základe nariadenia vlády Českej a Slovenskej Federatívnej Republiky č. 99/1991 Zb. o určení minimálnej mzdy a platiť začala od 25. 3. 1991. Toto nariadenie upravovalo minimálnu mzdu v Československu až do 10. 2. 1992. S účinnosťou od 11. 2. 1992 upravovalo minimálnu mzdu na Slovensku nariadenie vlády ČSFR č. 53/1992 Zb. o minimálnej mzde, ktoré upravovalo minimálnu mzdu aj v období existencie samostatnej Slovenskej republiky, až do 31. 3. 1996. 
610 2 0 |a Slovensko 
610 2 0 |a mzdy minimálne 
610 2 0 |a zákony 
610 2 0 |a novelizácia 
610 2 0 |a odmeňovanie 
100 1 |a Matlovičová, Iveta